| 000 | 01034cam a2200265 a 4500 | ||
|---|---|---|---|
| 999 |
_c5441 _d5441 |
||
| 001 | 1163540 | ||
| 003 | GBCCL | ||
| 005 | 20241126110542.0 | ||
| 008 | 960726r19961989miu 000 0 eng | ||
| 010 | _a 96033345 | ||
| 020 | _a0929239067 | ||
| 040 |
_aDLC _cDLC _dDLC |
||
| 050 | 0 | 0 |
_aBV215 _b.C513 1996 |
| 082 | 0 | 0 |
_a248.32 _220 _bCHA |
| 100 | 1 |
_aChambers, Oswald, _d1874-1917. _96630 |
|
| 245 | 1 | 0 |
_aIf you will ask / _cOswald Chambers. |
| 260 |
_aGrand Rapids, MI. : _bDiscovery House Publishers, _c[1996], c1989. |
||
| 300 |
_a96 p. ; _c20 cm. |
||
| 650 | 0 |
_aPrayer _xChristianity. _9227 |
|
| 856 | 4 | 2 |
_3Contributor biographical information _uhttp://www.loc.gov/catdir/enhancements/fy0907/96033345-b.html |
| 856 | 4 | 2 |
_3Publisher description _uhttp://www.loc.gov/catdir/enhancements/fy0907/96033345-d.html |
| 906 |
_a7 _bcbc _corignew _d1 _eocip _f19 _gy-gencatlg |
||
| 942 |
_2ddc _cBK |
||